Loading...
| Science - Physics | 0 | 7 | 1 | 0 | 65 | 36 | 57.29 | 2 | 5 | 0.00 | 0.00 |
| Science - Other | 0 | 4 | 0 | 0 | 40 | 49 | 70.75 | 2 | 2 | 0.00 | 0.00 |
| Geography/Current Events | 0 | 3 | 0 | 2 | 30 | 85 | 113.33 | 0 | 1 | 0.00 | 0.00 |
| Philosophy | 0 | 2 | 0 | 0 | 20 | 82 | 92.50 | 0 | 1 | 0.00 | 0.00 |
| Mythology | 0 | 2 | 0 | 0 | 20 | 41 | 74.00 | 0 | 0 | 0.00 | 0.00 |
| Literature - World/Other | 0 | 2 | 0 | 0 | 20 | 52 | 82.00 | 1 | 1 | 0.00 | 0.00 |
| History - American | 0 | 2 | 0 | 1 | 20 | 86 | 107.50 | 0 | 0 | 0.00 | 0.00 |
| Literature - American | 0 | 2 | 0 | 0 | 20 | 97 | 119.50 | 0 | 1 | 0.00 | 0.00 |
| Social Science | 0 | 1 | 0 | 0 | 10 | 95 | 95.00 | 0 | 0 | 0.00 | 0.00 |
| Other Academic | 0 | 1 | 0 | 0 | 10 | 80 | 80.00 | 0 | 0 | 0.00 | 0.00 |
| Science - Chemistry | 0 | 1 | 0 | 0 | 10 | 65 | 65.00 | 0 | 1 | 0.00 | 0.00 |
| History - European | 0 | 1 | 1 | 1 | 5 | 125 | 125.00 | 0 | 0 | 0.00 | 0.00 |
| Fine Arts - Visual | 0 | 0 | 1 | 0 | -5 | 0.00 | 0 | 0 | 0.00 | 0.00 | |
| History - World | 0 | 0 | 1 | 0 | -5 | 0.00 | 0 | 0 | 0.00 | 0.00 | |
| Literature - European | 0 | 0 | 1 | 0 | -5 | 0.00 | 0 | 0 | 0.00 | 0.00 |